| 000 | 00622nam a2200205 i 4500 | ||
|---|---|---|---|
| 001 | 105880 | ||
| 003 | ES-MaACL | ||
| 005 | 20230906184011.0 | ||
| 007 | t| | ||
| 008 | 060906s1976 fr ||||1| fre d | ||
| 020 | _a2-7157-0265-5 | ||
| 080 | _a342.739 | ||
| 100 | 1 |
_aKardelj, Edvard. _967554 |
|
| 245 | 1 | 4 |
_aLes contradictions de la propriété sociale dans le système socialiste / _cEdvard Kardelj. |
| 260 |
_aParis : _bAnthropos, _c[1976] |
||
| 300 |
_aIX, 220 p. ; _c19 cm. |
||
| 500 | _aBiblioteca Juan Andrade. | ||
| 650 | 4 |
_aPropiedad privada- _zYugoslavia. _916494 |
|
| 852 |
_aES-MaACL _jAND-705 _bR.110001 |
||
| 999 |
_c105880 _d105880 |
||